000 00653nam a2200157 a 4500
008 120416s1977 ||||||||||||||||| || u
050 _aHF 5415.3 How
100 _aHoward, John A
245 1 0 _aConsumer behaviour
246 _aapplication of theory
260 _aLondon
_bMcGraw-Hill
_c1977
300 _aix, 323p.
350 _a0.00
995 _aMAIN LIBRARY OPEN ACCESS
_D0.00
_e005709
_FCBU-MAIN LIBRARY (Kitwe)
_H1
_I0.00
_jHF 5415.3 How
_UAVAILABLE
_y005709
_ZMain Library Open Access Collection
995 _aMAIN LIBRARY OPEN ACCESS
_D0.00
_e005710
_FCBU-MAIN LIBRARY (Kitwe)
_H2
_I0.00
_jHF 5415.3 How
_UAVAILABLE
_y005710
_ZMain Library Open Access Collection
999 _c79799
_d79799